[Event "World Blitz Women 2022"]
[Site "Almaty KAZ"]
[Date "2022.12.29"]
[Round "7.20"]
[White "Gaponenko, Inna"]
[Black "Tokhirjonova, Gulrukhbegim"]
[Result "1-0"]
[WhiteTitle "IM"]
[BlackTitle "WGM"]
[WhiteElo "2341"]
[BlackElo "2328"]
[WhiteFideId "14101181"]
[BlackFideId "14203626"]
[EventDate "2022.12.29"]

1. e4 e5 2. Nf3 Nf6 3. Nxe5 d6 4. Nf3 Nxe4 5. d3 Nf6 6. d4 d5 7. Bd3 Nc6 8. O-O
Be7 9. c3 O-O 10. Re1 Bg4 11. h3 Bh5 12. Nbd2 Bd6 13. Qb3 Rb8 14. Ne5 Bxe5 15.
dxe5 Nd7 16. Qxd5 Ndxe5 17. Rxe5 Nxe5 18. Qxe5 Qxd3 19. Qxh5 Rfe8 20. Nf3 Qd1+
21. Kh2 Rbd8 22. b3 h6 23. Qg4 Qd7 24. Qxd7 Rxd7 25. Be3 b6 26. Kg1 c5 27. Kf1
f5 28. g3 Kf7 29. h4 Rd3 30. Rc1 Kf6 31. Ke2 Rd7 32. Rd1 Rxd1 33. Kxd1 Rd8+ 34.
Ke2 Ke6 35. b4 cxb4 36. cxb4 Rc8 37. Kd3 g6 38. a4 h5 39. a5 bxa5 40. bxa5 a6
41. Kd4 Rc2 42. Nd2 Ra2 43. Nc4 Ra1 44. Kc5 Ra2 45. Kb6 Kd5 46. Nd2 Ra1 47. Kxa6
Kc6 48. Nb3 Ra4 49. Nd4+ Kd5 50. Kb6 Ra1 51. a6 Rb1+ 52. Kc7 Ra1 53. Kb7 Rb1+
54. Ka8 Ke4 55. Nc6 Kf3 56. Ne5+ Kg2 57. Nxg6 Kh2 58. Nf4 Ra1 59. Nxh5 Rxa6+ 60.
Kb7 Ra4 61. Nf4 Ra1 62. Kc6 Rd1 63. h5 Kg1 64. h6 Rd8 65. Ng6 Ra8 66. h7 Ra6+
67. Kd5 1-0

[Event "World Blitz Women 2022"]
[Site "Almaty KAZ"]
[Date "2022.12.29"]
[Round "7.21"]
[White "Kovanova, Baira"]
[Black "Koneru, Humpy"]
[Result "1/2-1/2"]
[WhiteTitle "WGM"]
[BlackTitle "GM"]
[WhiteElo "2317"]
[BlackElo "2572"]
[WhiteFideId "4164083"]
[BlackFideId "5008123"]
[EventDate "2022.12.29"]

1. e4 e5 2. Nf3 Nc6 3. Bb5 a6 4. Ba4 Nf6 5. Nc3 b5 6. Bb3 Bc5 7. d3 d6 8. a3 Bg4
9. Be3 Nd4 10. Bxd4 Bxd4 11. h3 Bxc3+ 12. bxc3 Be6 13. O-O O-O 14. Ng5 Bxb3 15.
cxb3 d5 16. Re1 h6 17. Nf3 dxe4 18. dxe4 Qe7 19. a4 Rfd8 20. Qe2 c6 21. b4 Qe6
22. Qa2 1/2-1/2

[Event "World Blitz Women 2022"]
[Site "Almaty KAZ"]
[Date "2022.12.29"]
[Round "7.22"]
[White "Ushenina, Anna"]
[Black "Nakhbayeva, Guliskhan"]
[Result "1-0"]
[WhiteTitle "GM"]
[BlackTitle "IM"]
[WhiteElo "2454"]
[BlackElo "2326"]
[WhiteFideId "14110911"]
[BlackFideId "13704788"]
[EventDate "2022.12.29"]

1. d4 Nf6 2. c4 e6 3. Nc3 Bb4 4. e3 O-O 5. Bd2 d5 6. Nf3 b6 7. cxd5 exd5 8. Rc1
Re8 9. Bd3 Bb7 10. O-O a6 11. Ne5 Bd6 12. f4 Nbd7 13. Qf3 c5 14. Be1 b5 15. Qh3
h6 16. Bh4 cxd4 17. exd4 Be7 18. Bf5 Nxe5 19. fxe5 Ne4 20. Bxe7 Qxe7 21. Rf4 Qb4
22. Rd1 Ng5 23. Qg3 Qxb2 24. h4 Rac8 25. Rd3 Ne4 26. Nxe4 dxe4 27. Rd1 Qc2 28.
Rdf1 Rc3 29. Qg4 Qd2 30. e6 Qxd4+ 31. Kh1 fxe6 32. Bxe6+ Kh7 33. Qf5+ Kh8 34.
Qg6 Rd8 35. Rf8+ Rxf8 36. Rxf8# 1-0

[Event "World Blitz Women 2022"]
[Site "Almaty KAZ"]
[Date "2022.12.29"]
[Round "7.23"]
[White "Garifullina, Leya"]
[Black "Khotenashvili, Bela"]
[Result "0-1"]
[WhiteTitle "IM"]
[BlackTitle "GM"]
[WhiteElo "2357"]
[BlackElo "2485"]
[WhiteFideId "34127035"]
[BlackFideId "13602640"]
[EventDate "2022.12.29"]

1. e4 c6 2. d4 g6 3. Nc3 d5 4. Nf3 Bg7 5. h3 Nh6 6. Bd3 f6 7. Qe2 Nf7 8. Bf4 O-O
9. O-O-O Na6 10. Rhe1 e6 11. e5 Nb4 12. Kb1 Nxd3 13. Qxd3 fxe5 14. Nxe5 Nxe5 15.
Bxe5 Rxf2 16. h4 Bxe5 17. dxe5 Qxh4 18. Rh1 Qg5 19. Rhf1 Rf5 20. g4 Qxg4 21. Rg1
Qh4 22. Rh1 Qe7 23. Ne2 Bd7 24. Nd4 Rxe5 25. Nf3 Rf5 26. Nh4 Rg5 27. Nf3 Rg3 28.
Qe2 Rf8 29. Ne5 Be8 30. Nd3 Rg5 31. Qe3 e5 32. Qxa7 e4 33. Nc5 Rf7 34. Na4 Rg2
35. Nc3 Rff2 36. Qb8 Rxc2 37. Na4 b5 38. Nc5 Rxc5 0-1

[Event "World Blitz Women 2022"]
[Site "Almaty KAZ"]
[Date "2022.12.29"]
[Round "7.24"]
[White "Savitha, Shri B"]
[Black "Lhotska, Anna"]
[Result "0-1"]
[WhiteTitle "WIM"]
[BlackTitle "WFM"]
[WhiteElo "2411"]
[BlackElo "2159"]
[WhiteFideId "35061887"]
[BlackFideId "376183"]
[EventDate "2022.12.29"]

1. e4 c5 2. b4 cxb4 3. a3 e5 4. axb4 Bxb4 5. c3 Be7 6. Nf3 Nc6 7. d4 d6 8. d5
Nb8 9. Be3 a6 10. Na3 Nd7 11. Bd3 Ngf6 12. h3 O-O 13. O-O Qc7 14. Nc4 Nc5 15.
Bxc5 Qxc5 16. Qb3 b5 17. Na5 Bd7 18. Rfc1 Rab8 19. Nd2 Rfc8 20. Qd1 Qb6 21. Ndb3
b4 22. c4 Be8 23. Nd2 Nd7 24. Qg4 Nc5 25. Bb1 b3 26. Rc3 Qb4 27. Rg3 g6 28.
Ndxb3 Nxb3 29. Rxb3 Qe1+ 30. Kh2 Rxb3 31. Nxb3 Qc3 32. Qd1 Rxc4 33. Rxa6 Rb4 34.
Bc2 Bb5 35. Ra7 Bf8 36. Rb7 Ba4 37. Rxb4 Qxb4 38. Qd3 Bb5 39. Qf3 Ba4 40. h4 Qc4
41. Bd1 Be7 42. Na5 Qb5 43. Bxa4 Qxa4 44. Nc6 Bxh4 45. Qg4 Bf6 46. Nb8 Qe8 47.
Nd7 Be7 48. Nb6 Qb8 49. Nc4 Qb4 50. Qc8+ Kg7 51. Qc7 Bf8 52. Qc6 Qe1 53. Nxd6
Qxf2 54. Nc4 Qh4+ 55. Kg1 Qxe4 56. Qc7 Qd4+ 57. Kh1 Qxd5 58. Nxe5 Bd6 59. Qd7
Qxe5 0-1

[Event "World Blitz Women 2022"]
[Site "Almaty KAZ"]
[Date "2022.12.29"]
[Round "7.25"]
[White "Lu, Miaoyi"]
[Black "Padmini, Rout"]
[Result "0-1"]
[BlackTitle "IM"]
[WhiteElo "2399"]
[BlackElo "2389"]
[WhiteFideId "8618020"]
[BlackFideId "5029295"]
[EventDate "2022.12.29"]

1. e4 e5 2. Nf3 Nc6 3. Bc4 Nf6 4. d4 exd4 5. e5 d5 6. Bb5 Ne4 7. Nxd4 Bd7 8.
Bxc6 bxc6 9. O-O Bc5 10. f3 Ng5 11. Be3 Bb6 12. f4 Ne4 13. Nd2 Nxd2 14. Qxd2 c5
15. Nb3 d4 16. Bf2 Bc6 17. c4 a5 18. Nc1 Qd7 19. Nd3 Qg4 20. Bg3 h5 21. Nf2 Qg6
22. Nh3 h4 23. f5 Qh5 24. Be1 O-O-O 25. a3 a4 26. b3 axb3 27. a4 Rde8 28. a5 Ba7
29. Qf4 Qe2 30. Rf2 Qxe5 31. Qd2 Qe3 32. Qb2 g5 33. fxg6 fxg6 34. Nf4 Qxe1+ 35.
Rxe1 Rxe1+ 36. Rf1 Rxf1+ 37. Kxf1 Rf8 38. g3 hxg3 39. hxg3 g5 40. Qxb3 gxf4 41.
gxf4 Rxf4+ 42. Ke1 Rf3 43. Qb1 Ra3 44. Qf5+ Kb7 45. Qb1+ Ka6 46. Qg6 Kb7 47.
Qb1+ Ka8 48. Qg6 Bb7 49. Qe8+ Bb8 50. Qb5 d3 51. Kd2 c6 52. Qxc5 Bf4+ 53. Ke1 0-1

[Event "World Blitz Women 2022"]
[Site "Almaty KAZ"]
[Date "2022.12.29"]
[Round "7.26"]
[White "Balabayeva, Xeniya"]
[Black "Mammadova, Gulnar"]
[Result "1-0"]
[WhiteTitle "WIM"]
[BlackTitle "IM"]
[WhiteElo "2183"]
[BlackElo "2376"]
[WhiteFideId "13719688"]
[BlackFideId "13403508"]
[EventDate "2022.12.29"]

1. e4 e6 2. d4 d5 3. Nd2 a6 4. Ngf3 c5 5. exd5 exd5 6. dxc5 Bxc5 7. Bd3 Qe7+ 8.
Qe2 Nc6 9. Nb3 Qxe2+ 10. Kxe2 Bb6 11. Be3 Bxe3 12. Kxe3 Nge7 13. Rhe1 O-O 14.
Kd2 f6 15. Re3 b6 16. Rae1 Ra7 17. Nfd4 Rc7 18. f4 Rd8 19. c3 Kf7 20. h3 h5 21.
Ne6 Bxe6 22. Rxe6 d4 23. c4 a5 24. a4 h4 25. c5 bxc5 26. Nxc5 Nb4 27. Na6 Rcd7
28. Nxb4 axb4 29. Bc4 Kf8 30. b3 d3 31. R1e3 Nf5 32. Re1 Nd6 33. Bd5 Nf7 34. Bc6
Kg8 35. Bxd7 Rxd7 36. Re8+ Kh7 37. R8e7 Rxe7 38. Rxe7 Nd6 39. Kxd3 Kg6 40. Rd7
Nf5 41. Rb7 Nd6 42. Rxb4 Kf5 43. a5 g5 44. fxg5 fxg5 45. a6 Nc8 46. Rb7 Nd6 47.
Rb8 1-0

[Event "World Blitz Women 2022"]
[Site "Almaty KAZ"]
[Date "2022.12.29"]
[Round "7.27"]
[White "Voit, Daria"]
[Black "Enkhtuul, Altan-Ulzii"]
[Result "1-0"]
[WhiteTitle "WGM"]
[BlackTitle "WGM"]
[WhiteElo "2347"]
[BlackElo "2285"]
[WhiteFideId "4182146"]
[BlackFideId "4901444"]
[EventDate "2022.12.29"]

1. d4 c5 2. d5 d6 3. e4 Nf6 4. Nc3 g6 5. f4 Bg7 6. Nf3 O-O 7. Bd3 Na6 8. O-O Nb4
9. Bc4 a6 10. a3 b5 11. axb4 bxc4 12. bxc5 dxc5 13. e5 Ne8 14. Be3 Qc7 15. Nd2
a5 16. Nxc4 Ba6 17. b3 Rd8 18. Rf2 f6 19. Rxa5 Bxc4 20. Rxc5 Qa7 21. bxc4 fxe5
22. fxe5 Rxf2 23. Bxf2 Bxe5 24. Ne4 Qb8 25. g3 Nd6 26. Nxd6 exd6 27. Rb5 Qc8 28.
c5 dxc5 29. Rxc5 Qd7 30. Kg2 Bd6 31. Ra5 Rf8 32. Qd4 Qf5 33. c4 Be5 34. Qe3 Bg7
35. Ra7 Kh8 36. d6 Bh6 37. Qd4+ Rf6 38. d7 Qf3+ 39. Kg1 Bf8 40. d8=Q Kg8 41.
Q8xf6 1-0

[Event "World Blitz Women 2022"]
[Site "Almaty KAZ"]
[Date "2022.12.29"]
[Round "7.28"]
[White "Nasybullina, Alfia"]
[Black "Muminova, Nafisa"]
[Result "0-1"]
[WhiteTitle "WIM"]
[BlackTitle "WGM"]
[WhiteElo "2027"]
[BlackElo "2274"]
[WhiteFideId "4132416"]
[BlackFideId "14201526"]
[EventDate "2022.12.29"]

1. Nf3 e6 2. g3 Nf6 3. Bg2 c5 4. c4 Be7 5. Nc3 d5 6. cxd5 exd5 7. d4 O-O 8. O-O
Nc6 9. Bg5 Be6 10. Rc1 b6 11. e3 Rc8 12. Ne5 c4 13. Nxc6 Rxc6 14. Qa4 Rc7 15.
Bf4 Rd7 16. b3 cxb3 17. Qxb3 Nh5 18. Be5 f6 19. Qd1 Bf7 20. Bf4 g5 21. g4 Nxf4
22. exf4 gxf4 23. Qd2 Qb8 24. Rfe1 Ba3 25. Rb1 Rc8 26. Ne2 Bd6 27. Rb5 Bc7 28.
Rc1 a6 29. Rb3 Bd6 30. Rbc3 Rxc3 31. Qxc3 Rc7 32. Qd2 Rc4 33. Bf3 Kg7 34. h3 Qc7
35. Kg2 b5 36. Re1 Rc2 37. Qd3 Bg6 38. Qb3 Bf7 39. Bxd5 Bxd5+ 40. Qxd5 Qe7 41.
Qf3 Bb4 42. Qd3 Rxa2 43. Rb1 Qxe2 44. Qxe2 Rxe2 45. Rxb4 Rd2 46. Kf3 Kf7 47.
Kxf4 Rxf2+ 48. Ke3 Rh2 49. Rb1 Ke6 50. Ra1 Kd5 51. Rxa6 Rxh3+ 52. Kf4 Kxd4 53.
Rxf6 b4 54. Rd6+ Kc5 55. Rd8 b3 56. Rb8 Kc4 57. g5 Kc3 58. Kg4 Rh1 59. Kf5 b2
60. Rc8+ Kd4 61. Rd8+ Kc3 62. Rc8+ Kd3 63. Rd8+ Kc4 64. Rc8+ Kd5 65. Rd8+ Kc6 0-1

[Event "World Blitz Women 2022"]
[Site "Almaty KAZ"]
[Date "2022.12.29"]
[Round "7.29"]
[White "Gvetadze, Sofio"]
[Black "Kurmangaliyeva, Liya"]
[Result "1-0"]
[WhiteTitle "IM"]
[BlackTitle "FM"]
[WhiteElo "2298"]
[BlackElo "2287"]
[WhiteFideId "13601440"]
[BlackFideId "13725831"]
[EventDate "2022.12.29"]

1. Nf3 d5 2. c4 c6 3. e3 Nf6 4. b3 Bg4 5. Bb2 e6 6. h3 Bh5 7. Be2 Nbd7 8. d3 Bd6
9. Nbd2 h6 10. O-O O-O 11. Nh4 Bxe2 12. Qxe2 Re8 13. Nhf3 e5 14. e4 a5 15. a3 d4
16. Nh4 Bf8 17. Nf5 g6 18. Ng3 Nh7 19. Rae1 Nc5 20. Rb1 Ne6 21. Nf3 h5 22. Rfc1
Bh6 23. Rc2 Nf4 24. Qd1 c5 25. Bc1 Qf6 26. Nh2 Bf8 27. Ne2 Ne6 28. Ng3 Ra6 29.
Ne2 Qg7 30. f4 exf4 31. Nxf4 Bd6 32. Nd5 Bxh2+ 33. Kxh2 Qe5+ 34. Kg1 Nf6 35. Qf3
Nxd5 36. cxd5 Ng5 37. Qf4 Nh7 38. Rxc5 Qe7 39. Rc7 Qf8 40. e5 Qg7 41. e6 Rf8 42.
Bb2 Qf6 43. Qxf6 Nxf6 44. e7 Re8 45. Bxd4 Nxd5 46. Rd7 Nxe7 47. Re1 Re6 48. Rxe6
fxe6 49. Rxb7 Nf5 50. Bf6 Rc8 51. g4 hxg4 52. hxg4 Ne3 53. g5 Rc1+ 54. Kf2 Ng4+
55. Ke2 Rc2+ 56. Kf3 Nh2+ 57. Ke4 Re2+ 58. Kd4 Nf3+ 59. Kc5 Nxg5 60. Bxg5 Re5+
61. Kd6 Rxg5 62. Kxe6 Rg3 63. d4 Rd3 64. d5 g5 65. d6 g4 66. d7 Re3+ 67. Kf5 1-0

[Event "World Blitz Women 2022"]
[Site "Almaty KAZ"]
[Date "2022.12.29"]
[Round "7.30"]
[White "Abdumalik, Zhansaya"]
[Black "Shukhman, Anna"]
[Result "1-0"]
[WhiteTitle "GM"]
[BlackTitle "WFM"]
[WhiteElo "2496"]
[BlackElo "2161"]
[WhiteFideId "13703544"]
[BlackFideId "54180058"]
[EventDate "2022.12.29"]

1. e4 c5 2. Nf3 a6 3. Nc3 e6 4. d4 cxd4 5. Nxd4 Qc7 6. Bd3 b5 7. O-O Bb7 8. a3
Nf6 9. Be3 Be7 10. f4 d6 11. Qf3 Nbd7 12. Qh3 Nc5 13. Qf3 Rd8 14. Kh1 h5 15.
Rae1 h4 16. h3 Nh5 17. Bf2 Bf6 18. Qg4 Nxd3 19. cxd3 Bxd4 20. Bxd4 e5 21. Bf2
Nxf4 22. Bxh4 Qc8 23. Qxg7 Rxh4 24. Qg8+ Kd7 25. Qxf7+ Kc6 26. Nd5 Rxh3+ 27. Kg1
Nxd3 28. Rc1+ Nc5 29. Ne7+ Kb6 30. Nxc8+ Rxc8 31. gxh3 Bxe4 32. b4 Rh8 33. bxc5+
dxc5 34. Qf6+ 1-0

[Event "World Blitz Women 2022"]
[Site "Almaty KAZ"]
[Date "2022.12.29"]
[Round "7.31"]
[White "Zatonskih, Anna"]
[Black "Petrova, Irina"]
[Result "1-0"]
[WhiteTitle "IM"]
[BlackTitle "WIM"]
[WhiteElo "2349"]
[BlackElo "2123"]
[WhiteFideId "14101572"]
[BlackFideId "14124122"]
[EventDate "2022.12.29"]

1. d4 d6 2. e4 Nf6 3. Nc3 e5 4. Nge2 Nc6 5. f3 Be7 6. Be3 O-O 7. Qd2 a6 8. g4 b5
9. d5 Nb8 10. Ng3 h6 11. Nf5 Nh7 12. Nxe7+ Qxe7 13. O-O-O Nd7 14. Ne2 Nb6 15.
Ng3 Rb8 16. h4 c6 17. dxc6 Nc4 18. Bxc4 bxc4 19. Qxd6 Qxd6 20. Rxd6 Be6 21. g5
Rfc8 22. Rhd1 hxg5 23. hxg5 Nf8 24. Nf5 Bxf5 25. exf5 Rc7 26. R1d5 Rbc8 27. Rc5
g6 28. f6 Ne6 29. Rxc4 Nd8 30. Bb6 Rxc6 31. Rxd8+ Rxd8 32. Rxc6 Re8 33. Rd6 Kh7
34. Rd7 Kg8 35. Rd8 Rxd8 36. Bxd8 1-0

[Event "World Blitz Women 2022"]
[Site "Almaty KAZ"]
[Date "2022.12.29"]
[Round "7.32"]
[White "Girya, Olga"]
[Black "Bayasgalan, Khishigbaatar"]
[Result "1/2-1/2"]
[WhiteTitle "GM"]
[BlackTitle "WCM"]
[WhiteElo "2398"]
[BlackElo "1811"]
[WhiteFideId "4195752"]
[BlackFideId "4904311"]
[EventDate "2022.12.29"]

1. d4 d5 2. Nf3 e6 3. c4 Nf6 4. Nc3 Be7 5. Bf4 O-O 6. e3 Nbd7 7. a3 c5 8. dxc5
Nxc5 9. cxd5 Nxd5 10. Nxd5 exd5 11. Be2 Bf6 12. Qc2 Qb6 13. Be5 Nb3 14. Rd1 Bxe5
15. Nxe5 Be6 16. O-O Rac8 17. Qd3 Rfd8 18. Nf3 Nc5 19. Qd4 Bf5 20. b4 Na4 21.
Rc1 Be4 22. Qxb6 axb6 23. Nd4 Nc3 24. Bg4 f5 25. Bf3 Rc4 26. Bxe4 fxe4 27. Rc2
Rdc8 28. Rd2 Kf7 29. h4 Kf6 30. f3 Kg6 31. Kh2 exf3 32. gxf3 Kf6 33. Rg2 g6 34.
Rg4 Na4 35. Rf4+ Ke7 36. Rg1 Rc3 37. Re1 Rxa3 38. e4 Ra2+ 39. Kg3 dxe4 40.
Rexe4+ Kd6 41. Nb5+ Kd5 42. Rd4+ Ke5 43. Rfe4+ Kf6 44. Rd6+ Kf7 45. Rd7+ Kf6 46.
Rxb7 Rcc2 47. Kf4 Rh2 48. Rb8 Rxh4+ 49. Kg3 Rxe4 50. fxe4 Rb2 51. Nc7 Rb3+ 52.
Kf2 Ke5 53. Re8+ Kd4 54. e5 Rxb4 55. e6 Rb2+ 56. Kf3 Rb3+ 57. Kf2 Rb2+ 58. Kf3
Nc5 59. e7 Rb3+ 60. Kg4 Re3 61. Rd8+ Kc4 62. e8=Q Rxe8 63. Rxe8 b5 64. Re1 b4
65. Rc1+ Kd4 66. Nb5+ Kd5 67. Rd1+ Kc4 68. Nd6+ Kb3 69. Rd5 Na4 70. Ne4 Kc4 71.
Rd8 b3 72. Rc8+ Kd3 73. Nf2+ Kd2 74. Rb8 b2 75. Kg5 Kc2 76. Kh6 b1=Q 77. Rxb1
Kxb1 78. Kxh7 1/2-1/2

[Event "World Blitz Women 2022"]
[Site "Almaty KAZ"]
[Date "2022.12.29"]
[Round "7.33"]
[White "Maltsevskaya, Aleksandra"]
[Black "Nurgaliyeva, Zarina"]
[Result "0-1"]
[WhiteTitle "IM"]
[BlackTitle "WFM"]
[WhiteElo "2400"]
[BlackElo "2013"]
[WhiteFideId "24174041"]
[BlackFideId "13730096"]
[EventDate "2022.12.29"]

1. e4 e5 2. Bc4 Nc6 3. Nc3 Nf6 4. d3 Na5 5. Bb3 Bc5 6. f4 Nxb3 7. axb3 d6 8. Nf3
Ng4 9. Qe2 Bf2+ 10. Kd1 Bb6 11. Rf1 exf4 12. Bxf4 Be6 13. Ng5 Nf6 14. Nxe6 fxe6
15. Kd2 Qe7 16. Bg5 O-O-O 17. Be3 c5 18. b4 cxb4 19. Na2 d5 20. Bxb6 axb6 21.
exd5 Nxd5 22. Kc1 Rhf8 23. Re1 Rde8 24. Kb1 Qf6 25. Nc1 Kc7 26. Qe4 Kd6 27. Nb3
Ra8 28. Rxa8 Rxa8 29. Nd4 Re8 30. Nf5+ 0-1

[Event "World Blitz Women 2022"]
[Site "Almaty KAZ"]
[Date "2022.12.29"]
[Round "7.34"]
[White "Balajayeva, Khanim"]
[Black "Kirchei, Viktoriia"]
[Result "1-0"]
[WhiteTitle "WGM"]
[BlackTitle "WFM"]
[WhiteElo "2379"]
[BlackElo "2070"]
[WhiteFideId "13406396"]
[BlackFideId "34133396"]
[EventDate "2022.12.29"]

1. e4 d6 2. d4 Nf6 3. Nc3 e5 4. Nf3 Nbd7 5. Bc4 Be7 6. a4 a5 7. Bxf7+ Kxf7 8.
Ng5+ Kg8 9. Ne6 Qe8 10. Nxc7 Qg6 11. Nxa8 Qxg2 12. Rf1 exd4 13. f3 dxc3 14. Qd3
Ne5 15. Qxc3 Be6 16. Bf4 Bc4 17. O-O-O Bxf1 18. Bxe5 dxe5 19. Qb3+ Kf8 20. Nc7
Qg5+ 21. Kb1 Bh3 22. Qxb7 Kf7 23. Qb3+ Kg6 24. Qb6 Rd8 25. Rg1 Rd6 26. Rxg5+
Kxg5 27. Qg1+ Kh5 28. Qxg7 Bd8 29. Nb5 Rd1+ 30. Ka2 Be6+ 31. b3 Rd2 32. Kb2 Rxh2
33. Nd6 Rd2 34. Nf7 Bxf7 35. Qxf7+ Kh4 36. Qe6 Rh2 37. Qxe5 Ng4 38. fxg4 Rf2 39.
Qxa5 Bf6+ 40. e5 Bg7 41. Qd8+ Kh3 42. Qd3+ Kg2 43. Qe4+ Kg3 44. Ka3 Bf8+ 45. b4
Rf3+ 46. Kb2 Rf4 47. Qe1+ Kxg4 48. c3 Kf5 49. e6 Be7 50. a5 Re4 51. Qf1+ Kxe6
52. a6 Rg4 53. a7 Rg8 54. Qc4+ Kd7 1-0

[Event "World Blitz Women 2022"]
[Site "Almaty KAZ"]
[Date "2022.12.29"]
[Round "7.35"]
[White "Paramzina, Anastasya"]
[Black "Mkrtchyan, Mariam"]
[Result "1-0"]
[WhiteTitle "WGM"]
[BlackTitle "WIM"]
[WhiteElo "2227"]
[BlackElo "2364"]
[WhiteFideId "4165012"]
[BlackFideId "13310828"]
[EventDate "2022.12.29"]

1. e4 c6 2. d4 d5 3. exd5 cxd5 4. Bd3 Nc6 5. c3 Qc7 6. h3 g6 7. Nf3 Bf5 8. Be2
Bg7 9. O-O Nf6 10. Be3 O-O 11. Nbd2 a6 12. Rc1 Rad8 13. b4 Ne4 14. g4 Nxd2 15.
Qxd2 Bc8 16. a4 f6 17. c4 dxc4 18. Bxc4+ Kh8 19. b5 axb5 20. axb5 Ne5 21. Nxe5
fxe5 22. d5 Qd7 23. b6 h5 24. Qd3 hxg4 25. Qxg6 Qf5 26. Qxf5 Bxf5 27. hxg4 Bxg4
28. Kg2 Bf3+ 29. Kg3 Bxd5 30. Bxd5 Rxd5 31. Rc7 e4 32. Rh1+ Kg8 33. Rxe7 Rdf5
34. Rxb7 Rf3+ 35. Kg2 R8f5 36. Rd7 Rb5 37. b7 Rf8 38. Rc1 Be5 39. Rc8 Rb2 40.
Bd4 Bxd4 41. Rxf8+ Kxf8 42. Rd8+ Ke7 43. b8=Q Rxb8 44. Rxb8 Ke6 45. Re8+ Kf5 46.
Kf1 Be5 47. Ke2 Bd4 48. Re7 Kf4 49. Rf7+ Ke5 50. Kd1 Bc5 51. Kc2 Bd4 52. Kb3 Kd5
53. Kb4 Bc5+ 54. Kb5 Bd4 55. Rf5+ Ke6 56. Rf8 Kd5 57. Rf4 Ke5 58. Rf8 Kd5 59.
Ka6 Kc4 1-0

[Event "World Blitz Women 2022"]
[Site "Almaty KAZ"]
[Date "2022.12.29"]
[Round "7.36"]
[White "Bauyrzhan, Arnash"]
[Black "Yao, Lan"]
[Result "0-1"]
[BlackTitle "WIM"]
[WhiteElo "2041"]
[BlackElo "2271"]
[WhiteFideId "13706322"]
[BlackFideId "8610835"]
[EventDate "2022.12.29"]

1. e4 c5 2. Nf3 e6 3. d4 cxd4 4. Nxd4 Nc6 5. Nc3 Qc7 6. g3 a6 7. Bg2 Nf6 8. O-O
h5 9. Nxc6 bxc6 10. Bf4 e5 11. Bg5 d6 12. Bxf6 gxf6 13. Qf3 Be7 14. h4 Rb8 15.
b3 Bg4 16. Qd3 Qb6 17. Nd1 Qd4 18. Qxd4 exd4 19. f3 Be6 20. Nb2 f5 21. Rad1 Bf6
22. exf5 Bxf5 23. Rfe1+ Kd7 24. Nd3 Rhg8 25. Kf2 Rg7 26. Nf4 Rh8 27. Re2 Be5 28.
Bh3 Bxh3 29. Nxh3 Bxg3+ 30. Kf1 c5 31. Ng5 Bxh4 32. Ne4 Rhg8 33. Rh2 Rg1+ 34.
Ke2 R8g2+ 35. Rxg2 Rxg2+ 36. Kd3 Be7 37. Rh1 h4 38. Rh3 d5 39. Nd2 Bg5 40. Nb1
Rg3 41. Rh2 Rxf3+ 42. Ke2 Re3+ 43. Kf2 Re8 44. Rg2 f6 45. Kf3 Re3+ 46. Kg4 Ke6
47. Nd2 Re1 48. Nf3 Ra1 49. Nxg5+ fxg5 50. Kxg5 Rxa2 51. Kxh4 d3 52. Rg6+ Kf7
53. Rg2 dxc2 0-1

[Event "World Blitz Women 2022"]
[Site "Almaty KAZ"]
[Date "2022.12.29"]
[Round "7.37"]
[White "Serikbay, Assel"]
[Black "Mkrtchian, Lilit"]
[Result "0-1"]
[WhiteTitle "WIM"]
[BlackTitle "IM"]
[WhiteElo "2230"]
[BlackElo "2377"]
[WhiteFideId "13706799"]
[BlackFideId "13300601"]
[EventDate "2022.12.29"]

1. d4 Nf6 2. c4 e6 3. g3 c5 4. d5 exd5 5. cxd5 d6 6. Nc3 g6 7. Bg2 Bg7 8. Nf3
O-O 9. O-O Re8 10. Nd2 a6 11. a4 Nbd7 12. Nc4 Ne5 13. Nxe5 Rxe5 14. Bf4 Re8 15.
e4 Ng4 16. Qc2 Ne5 17. Bd2 Bd7 18. a5 Nc4 19. Na4 Nxd2 20. Qxd2 Bxa4 21. Rxa4 b5
22. axb6 Qxb6 23. Rfa1 Rab8 24. Rxa6 Qxb2 25. Qxb2 Rxb2 26. R6a2 Rb4 27. Rc1
Reb8 28. h3 Bd4 29. Rcc2 Kg7 30. Kh2 c4 31. Ra6 Bc5 32. Bf1 Rb2 33. Ra2 c3 34.
Bc4 Rxc2 35. Rxc2 Rb2 36. Bd3 Bxf2 37. Kg2 Bd4 38. Rxb2 cxb2 39. Kf3 Kf6 40. Kf4
Bc3 41. g4 Bd2+ 42. Kf3 Ke5 43. Ke2 Bg5 44. Bb1 Kd4 45. Bc2 Kc3 46. Bb1 Bf4 47.
Kd1 Be5 48. Ke2 Bf4 49. Kd1 Kd4 50. Ke2 Bc1 51. Bc2 Kc3 52. Bb1 h6 53. Kd1 Kd4
54. Ke2 Ke5 55. Kf3 Bf4 56. Bc2 Bc1 57. Bb1 Kf6 58. Bc2 Kg5 59. Kg3 h5 60. gxh5
Kxh5 61. Bb1 Bd2 62. Bc2 Be1+ 63. Kg2 Kh4 64. Bb1 Kg5 65. Kf3 Bd2 66. Bc2 Bc1
67. Bb1 Kf6 68. Bc2 Ke5 69. Bb1 Kd4 70. Ke2 Bg5 71. Bc2 Kc3 72. Bb1 Kb3 73. Kd3
Kb4 74. Bc2 Ka3 75. Bb1 Kb3 76. Kd4 Bf6+ 77. Kd3 Be5 78. Ke2 Kc3 79. Kd1 Kd4 80.
Ke2 Bf4 81. Kf3 Bc1 82. Ke2 Ke5 83. Kf3 f5 84. exf5 gxf5 85. h4 Kf6 86. h5 Bh6
87. Bc2 Ke5 88. Bb1 f4 89. Ba2 Kd4 90. Ke2 0-1

[Event "World Blitz Women 2022"]
[Site "Almaty KAZ"]
[Date "2022.12.29"]
[Round "7.38"]
[White "Machlik, Monika"]
[Black "Schulze, Lara"]
[Result "1-0"]
[BlackTitle "FM"]
[WhiteElo "2114"]
[BlackElo "2284"]
[WhiteFideId "1513621"]
[BlackFideId "12956830"]
[EventDate "2022.12.29"]

1. d4 d5 2. c4 e6 3. Nc3 a6 4. c5 b6 5. cxb6 c5 6. e3 Nf6 7. Nf3 Be7 8. Bd3 c4
9. Bc2 Nbd7 10. e4 dxe4 11. Nxe4 Nxb6 12. O-O O-O 13. Bf4 Bb7 14. Re1 Nbd5 15.
Be5 Nb4 16. Nxf6+ Bxf6 17. Be4 Bxe4 18. Rxe4 Rc8 19. Qe2 Nd5 20. Rc1 c3 21. b3
a5 22. Ne1 Nb4 23. a3 Nd5 24. Nd3 Qe7 25. Nc5 Bxe5 26. Rxe5 Qh4 27. Re4 Qg5 28.
Rc2 Rfd8 29. h4 Qf5 30. Re5 Nf4 31. Qe4 Qxe4 32. Rxe4 Nd5 33. Kf1 Kf8 34. Ke2
Rb8 35. Kd3 Ke7 36. g3 Rb5 37. Kc4 Rbb8 38. Re1 Nb6+ 39. Kd3 Nd5 40. Kc4 Kf6 41.
Ne4+ Ke7 42. Nc5 Rd6 43. Kd3 Rc8 44. Kc4 Nb6+ 45. Kb5 Rb8 46. Na6 Rd5+ 47. Kc6
Rd6+ 48. Kb5 Rb7 49. Nc5 Rc7 50. Na6 Rc8 51. Kxa5 Nd7 52. Nb4 Rxd4 53. Kb5 Rd2
54. Rcc1 Rb8+ 55. Kc4 Rc8+ 56. Kb5 Rb2 57. Nc6+ Kd6 58. Red1+ Kc7 59. Na5 Rb8+
60. Kc4 Rxf2 61. Rxc3 Rf5 62. Kd3+ Kd8 1-0